Ozeanische Teams ohne FIFA-WM-Teilnahme - Statistiken

Allgemein
  • Dieses Quiz wurde 32 mal gespielt
  • Das Durchschnittsergebnis liegt bei 6 aus 10
Antwortstatistiken
OFC-Team % Korrekt
Fidschi
93%
Samoa
93%
Tonga
86%
Salomonen
83%
Papua-Neuguinea
79%
Vanuatu
79%
Neukaledonien
31%
Amerikanisch-Samoa
24%
Tahiti
24%
Cookinseln
21%
Keine übereinstimmenden Quizze gefunden
Verteilung der Resultate
Anzahl Personen mit jedem Resultat
Perzentil nach korrekt beantworteten Fragen
Ihre Resultats-Entwicklung
Sie haben dieses Quiz noch nicht gespielt